Países que han Controlado Parte de los Estados Unidos - Estadísticas

Estadísticas generales
  • Esta prueba ha sido intentada 3.380 veces
  • La puntuación promedio es 8 de 14
Estadísticas de respuestas
Comienzo Fin País % Correcto
1607 1846 Reino Unido / Inglaterra
97%
1565 1821 España
96%
1671 1803 Francia
95%
1821 1853 México
95%
1784 1867 Rusia
85%
1942 1943 Japón
76%
1614 1674 Países Bajos
74%
1638 1655 Suecia
41%
1776 - Estados Unidos
39%
1836 1846 Texas
36%
1861 1865 Estados Confederados
19%
1795 1843 Hawái
15%
1777 1791 Vermont
10%
1810 1810 Florida Occidental
3%
No se encontraron pruebas coincidentes
Distribución de puntuación
Porcentaje de gente con cada puntuación
Porcentaje por número respondido
Historial de tus puntuaciones
No has intentado esta prueba.